Alicia en el país de las maravillas

Guardado en:
Detalles Bibliográficos
Autor principal: Carroll, Lewis (Autor)
Formato: Libro
Lenguaje:español
Publicado: Santiago Colicheuque 1990
Edición:1a. ed
Colección:Biblioteca Básica Universal
Materias:
Etiquetas: Agregar Etiqueta
Sin Etiquetas, Sea el primero en etiquetar este registro!

MARC

LEADER 00000nam a2200000 a 4500
001 UCX6820
003 CL-VaPUC
008 930818e19900000CL |||||||||||||||||spa|d
082 0 4 |a 823  |b CAR  |2 21 
100 0 |a Carroll, Lewis  |e author  |9 266788 
245 1 0 |a Alicia en el país de las maravillas 
250 |a 1a. ed 
300 |a 79 p 
942 |c BK 
945 |d 19930818 00:00:00 
260 |a Santiago  |b Colicheuque  |c 1990 
650 0 |a Novelas inglesas  |9 265220 
583 |a last modification  |c 19930818 00:00:00  |k Rodrigo Vera 
490 0 |a Biblioteca Básica Universal 
999 |c 226773  |d 226771 
952 |0 0  |1 0  |4 0  |6 823_000000000000000_CAR_1990  |7 0  |8 A  |9 225373  |a BIBEDU  |b BIBEDU  |d 2019-11-15  |i 2940701  |l 3  |m 1  |o 823 CAR 1990  |p 2940701  |r 2022-09-20  |s 2022-09-06  |w 2019-11-15  |y BK  |k LIT